00943nam a2200265Ia 4500003000400000005001700004008004100021040001800062041000800080082002100088100003100109245006200140250001200202260001900214300002900233650004400262650004200306650004600348700002700394700003300421700003000454942003000484999001900514952014400533OSt20260401105640.0210716s1960 xx 000 0 und d cAIMIT LIBRARY aeng a374.22 21bHART aHarding, Thomas G.9259961 aEvolution and culture /cBy Thomas G Harding,...[et.al].  a1st ed. aU S A :c1960. axii,131p. ;bHBc21.4 cm aEvolution: specific and general9259962 aThe law of cultural dominance9259963 aThe law of evolutionary potential9259964 aKaplan, David.9259965 aSahlins, Marshall D.9259966 aService, Elman R.9259967 2ddccBKe1stk374.22 HART c200569d200569 00102ddc40708MBAaAIMITbAIMITd2006-02-18iBill no:; Bill dt:1900-01-00l0o374.22 HARTpMBA03134r2026-05-23 00:00:00w2021-07-16yBK